[Event "33rd Cannes Open 2019"]
[Site "Cannes"]
[Date "2019.02.21"]
[Round "6.1"]
[White "Gupta, Abhijeet"]
[Black "Nasuta, Grzegorz"]
[Result "1/2-1/2"]
[WhiteElo "2587"]
[BlackElo "2504"]
[Annotator "TA"]
[PlyCount "46"]
[EventDate "2019.02.18"]
[EventType "swiss"]
[EventCountry "FRA"]
[SourceTitle "playchess.com"]
[Source "ChessBase"]
[SourceQuality "1"]

{[%evp 15,46,0,0,0,12,0,5,0,0,0,0,0,4,0,0,0,0,0,6,8,0,0,0,0,11,0,0,0,0,0,0,0,0]} 1. d4 Nf6 2. c4 g6 3. Nc3 d5 4. Nf3 Bg7 5. cxd5 Nxd5 6. e4 Nxc3 7. bxc3 c5 8. Be3 Qa5 {The position is equal.} 9. Nd2 {D85: Exchange Grünfeld: Unusual White 7th moves and lines with 7 Nf3} Bd7 10. Rb1 {Threatening Nb3.} Qxc3 (10... Ba4 11. Qxa4+ Qxa4 12. Bb5+ Qxb5 13. Rxb5 b6 14. dxc5 Nd7 15. Ke2 Bxc3 16. Nb3 O-O {½-½ (28) Navara,D (2741)-Vachier Lagrave,M (2779) Biel 2018}) 11. d5 b6 12. Bc4 O-O 13. O-O e6 {[#]} 14. dxe6 $146 ({Predecessor:} 14. Re1 Qf6 15. e5 Qh4 16. Qf3 Bxe5 {½-½ (65) Kozul,Z (2611)-Djukic,N (2548) Podgorica 2018}) 14... Bxe6 15. Bxe6 fxe6 16. Qa4 $1 Qd3 17. Nc4 {[#] And now Nxb6! would win.} Qxe4 {Threatens to win with ...Qc6.} 18. Nxb6 $1 Qxa4 19. Nxa4 Na6 20. Nxc5 Nxc5 21. Bxc5 Rfc8 22. Be3 Rc2 23. a4 Rc4 {Accuracy: White = 78%, Black = 84%.} 1/2-1/2

[Event "33rd Cannes Open 2019"]
[Site "Cannes"]
[Date "2019.02.21"]
[Round "6.2"]
[White "Ghasi, Ameet K"]
[Black "Maiorov, Nikita"]
[Result "1/2-1/2"]
[WhiteElo "2503"]
[BlackElo "2523"]
[Annotator "ChessBase"]
[PlyCount "29"]
[EventDate "2019.02.18"]
[EventType "swiss"]
[EventCountry "FRA"]
[SourceTitle "playchess.com"]
[Source "ChessBase"]
[SourceQuality "1"]
[TimeControl "40/5400+30:1800+30"]

1. Nf3 {[%emt 0:00:48]} Nf6 {[%emt 0:03:19]} 2. g3 {[%emt 0:00:06]} d5 {[%emt 0:00:30]} 3. Bg2 {[%emt 0:00:03]} c6 {[%emt 0:00:04]} 4. O-O {[%emt 0:00:24]} Bg4 {[%emt 0:00:09]} 5. b3 {[%emt 0:00:22]} e6 {[%emt 0:00:20]} 6. Bb2 {[%emt 0:00:08]} Nbd7 {[%emt 0:00:12]} 7. c4 {[%emt 0:00:06]} Be7 {[%emt 0:00:08]} 8. d3 {[%emt 0:02:29]} O-O {[%emt 0:00:05]} 9. Na3 {[%emt 0:00:32]} a5 {[%emt 0:04:50]} 10. cxd5 {[%emt 0:10:16]} exd5 {[%emt 0:00:34]} 11. Nc2 {[%emt 0:00:21]} Re8 {[%emt 0:08:42]} 12. Rb1 {[%emt 0:06:33]} Bf8 {[%emt 0:07:13]} 13. h3 {[%emt 0:07:59]} Bxf3 {[%emt 0:02:26]} 14. Bxf3 {[%emt 0:00:20]} Bd6 {[%emt 0:00:12]} 15. Qd2 {[%emt 0:05:11]} 1/2-1/2

[Event "33rd Cannes Open 2019"]
[Site "Cannes"]
[Date "2019.02.21"]
[Round "6.3"]
[White "Barbot, Pierre"]
[Black "Basso, Pier Luigi"]
[Result "1/2-1/2"]
[WhiteElo "2428"]
[BlackElo "2512"]
[Annotator "TA"]
[PlyCount "40"]
[EventDate "2019.02.18"]
[EventType "swiss"]
[EventCountry "FRA"]
[SourceTitle "playchess.com"]
[Source "ChessBase"]
[SourceQuality "1"]

{[%evp 15,40,21,33,2,17,13,13,-10,-9,-4,34,0,0,0,0,0,0,0,2,0,0,0,54,54,60,59,69]} 1. d4 d5 2. c4 c6 3. Nc3 Nf6 4. Nf3 e6 5. e3 Nbd7 6. Qc2 b6 7. Bd3 Bb7 8. O-O Be7 9. e4 {D45: Semi-Slav: 5 e3} (9. b3 O-O 10. Bb2 h6 11. Rad1 Qc7 12. Qe2 Rad8 13. Rfe1 Rfe8 14. Bb1 Bf8 15. Ne5 dxc4 16. Nxd7 Rxd7 17. bxc4 c5 18. d5 exd5 19. Nxd5 Nxd5 20. cxd5 {0-1 (29) Gelfand,B (2703)-Ivanchuk,V (2710) Jerusalem 2018}) 9... dxe4 10. Nxe4 c5 11. dxc5 {The position is equal.} Nxc5 12. Nxc5 bxc5 13. Ne5 Qd4 $146 ({Predecessor:} 13... O-O 14. b3 Qc7 15. Bb2 h6 16. Rae1 Bd6 {1-0 (30) Goryachkina,A (2341)-Borosova,Z (2302) Gaziantep 2012}) 14. Qe2 Bd6 15. Nf3 Qg4 16. h3 Qh5 17. Nd2 Qxe2 ({Wrong is} 17... Qg5 $2 18. Ne4 $18) 18. Bxe2 O-O-O (18... a5 $11) 19. Nb3 $14 Kc7 20. Be3 Nd7 1/2-1/2

[Event "33rd Cannes Open 2019"]
[Site "Cannes"]
[Date "2019.02.21"]
[Round "6.4"]
[White "Joie, Sebastien"]
[Black "Krzyzanowski, Marcin"]
[Result "1-0"]
[WhiteElo "2418"]
[BlackElo "2504"]
[Annotator "ChessBase"]
[PlyCount "117"]
[EventDate "2019.02.18"]
[EventType "swiss"]
[EventCountry "FRA"]
[SourceTitle "playchess.com"]
[Source "ChessBase"]
[SourceQuality "1"]
[TimeControl "40/5400+30:1800+30"]

1. c4 {[%emt 0:00:00]} g6 {[%emt 0:00:00]} 2. e4 {[%emt 0:00:07]} Bg7 {[%emt 0:00:42]} 3. d4 {[%emt 0:00:16]} d6 {[%emt 0:01:21]} 4. Nc3 {[%emt 0:00:07]} Nf6 {[%emt 0:00:14]} 5. h3 {[%emt 0:00:19]} O-O {[%emt 0:00:15]} 6. Be3 {[%emt 0:00:24]} c5 {[%emt 0:00:09]} 7. Nf3 {[%emt 0:00:59]} cxd4 {[%emt 0:00:03]} 8. Nxd4 {[%emt 0:00:06]} b6 {[%emt 0:00:05]} 9. g4 {[%emt 0:02:01]} Bb7 {[%emt 0:02:02]} 10. Bg2 {[%emt 0:00:07]} Nbd7 {[%emt 0:02:19]} 11. g5 {[%emt 0:05:44]} Ne8 {[%emt 0:01:55]} 12. O-O {[%emt 0:00:23]} Rc8 {[%emt 0:01:06]} 13. b3 {[%emt 0:00:58]} a6 {[%emt 0:04:38]} 14. Rc1 {[%emt 0:00:28]} Nc5 {[%emt 0:01:16]} 15. f4 {[%emt 0:01:35]} e5 {[%emt 0:02:20]} 16. Nde2 {[%emt 0:09:08]} exf4 {[%emt 0:01:54]} 17. Bxf4 {[%emt 0:00:08]} Ne6 {[%emt 0:03:41]} 18. Be3 {[%emt 0:00:26]} Nxg5 {[%emt 0:07:35]} 19. Nd5 {[%emt 0:00:22]} b5 {[%emt 0:13:58]} 20. cxb5 {[%emt 0:05:43]} axb5 {[%emt 0:01:02]} 21. Qd3 {[%emt 0:00:31]} Ra8 {[%emt 0:03:57]} 22. Qxb5 {[%emt 0:08:07]} Ba6 {[%emt 0:08:53]} 23. Qb6 {[%emt 0:00:11]} Nxh3+ {[%emt 0:03:44]} 24. Bxh3 {[%emt 0:00:02]} Qh4 {[%emt 0:01:32]} 25. Bg2 {[%emt 0:13:16]} Bxe2 {[%emt 0:01:33]} 26. Rf2 {[%emt 0:02:38]} Bg4 {[%emt 0:05:30]} 27. Qb7 {[%emt 0:04:42]} Nf6 {[%emt 0:04:17]} 28. Qe7 {[%emt 0:00:11]} Qg3 {[%emt 0:04:33]} 29. Rxf6 {[%emt 0:00:40]} Bh3 {[%emt 0:02:16]} 30. Rf2 {[%emt 0:06:51]} Be5 {[%emt 0:02:44]} 31. Bf4 {[%emt 0:01:07]} Bxf4 {[%emt 0:01:02]} 32. Nxf4 {[%emt 0:00:02]} Rae8 {[%emt 0:02:47]} 33. Qf6 {[%emt 0:00:19]} Bxg2 {[%emt 0:00:51]} 34. Nh5 {[%emt 0:02:47]} Qe5 {[%emt 0:01:46]} 35. Qxe5 {[%emt 0:00:01]} Rxe5 {[%emt 0:00:07]} 36. Nf6+ {[%emt 0:00:03]} Kg7 {[%emt 0:00:05]} 37. Kxg2 {[%emt 0:00:09]} h5 {[%emt 0:02:02]} 38. Rc7 {[%emt 0:00:59]} h4 {[%emt 0:01:49]} 39. a4 {[%emt 0:09:00]} Rg5+ {[%emt 0:03:48]} 40. Kh2 {[%emt 0:01:34]} Rg3 {[%emt 0:01:57]} 41. a5 {[%emt 0:32:07]} Rxb3 {[%emt 0:33:05]} 42. a6 {[%emt 0:01:32]} g5 {[%emt 0:00:00]} 43. a7 {[%emt 0:00:00]} Kg6 {[%emt 0:00:00]} 44. Rxf7 {[%emt 0:00:00]} Ra8 {[%emt 0:00:00]} 45. Nd5 {[%emt 0:00:00]} Ra3 {[%emt 0:00:00]} 46. R2f6+ {[%emt 0:00:00]} Kh5 {[%emt 0:00:00]} 47. Rh7+ {[%emt 0:00:00]} Kg4 {[%emt 0:00:00]} 48. Rf2 {[%emt 0:00:00]} Rh3+ {[%emt 0:00:00]} 49. Kg1 {[%emt 0:00:00]} Ra3 {[%emt 0:00:00]} 50. Nf6+ {[%emt 0:07:11]} Kg3 {[%emt 0:00:00]} 51. Rg7 {[%emt 0:00:21]} Ra1+ {[%emt 0:00:00]} 52. Rf1 {[%emt 0:00:01]} R8xa7 {[%emt 0:00:00]} 53. Rxg5+ {[%emt 0:00:18]} Kh3 {[%emt 0:00:00]} 54. Rxa1 {[%emt 0:01:02]} Rxa1+ {[%emt 0:00:00]} 55. Kf2 {[%emt 0:00:04]} Kh2 {[%emt 0:00:00]} 56. Ng4+ {[%emt 0:01:18]} Kh1 {[%emt 0:00:00]} 57. Rh5 {[%emt 0:00:32]} Ra2+ {[%emt 0:00:00]} 58. Kf3 {[%emt 0:00:07]} Ra3+ {[%emt 0:00:03]} 59. Ne3 {[%emt 0:00:06]} 1-0

[Event "33rd Cannes Open 2019"]
[Site "Cannes"]
[Date "2019.02.21"]
[Round "6.5"]
[White "Lodici, Lorenzo"]
[Black "Barp, Alberto"]
[Result "1-0"]
[WhiteElo "2482"]
[BlackElo "2420"]
[Annotator "TA"]
[PlyCount "73"]
[EventDate "2019.02.18"]
[EventType "swiss"]
[EventCountry "FRA"]
[SourceTitle "playchess.com"]
[Source "ChessBase"]
[SourceQuality "1"]

{[%evp 14,73,-8,-12,14,-4,10,-6,0,-9,0,-17,-7,-12,6,0,0,-1,0,0,0,0,14,16,187,201,218,209,214,212,221,225,241,220,241,225,264,256,273,269,270,270,275,264,269,277,371,364,363,360,355,351,352,339,345,345,337,328,329,328,545,495]} 1. f4 d5 2. Nf3 g6 3. g3 Bg7 4. Bg2 Nf6 5. O-O O-O 6. d3 c5 7. c3 Nc6 8. Na3 d4 {A03: Bird's Opening with 1...d5} (8... Re8 9. Nh4 b6 10. e4 dxe4 11. Qa4 Qxd3 12. Qxc6 Bd7 13. Qc7 Ng4 14. Re1 Bd4+ 15. cxd4 Qxd4+ 16. Be3 Nxe3 {1-0 (58) Carlsen,M (2837)-Adams,M (2715) London 2017}) 9. Bd2 Re8 $146 ({Predecessor:} 9... Bg4 10. Nc4 Bxf3 11. Bxf3 Nd5 12. Qb3 Rb8 13. a4 e6 14. Rfd1 Qc7 15. e4 dxe3 16. Nxe3 {0-1 (75) Demchenko,A (2611)-Pascua,H (2404) Quezon City 2014}) 10. Rc1 Be6 {The position is equal.} 11. cxd4 cxd4 12. Nc4 Bd5 13. Qa4 Nd7 14. Qb5 Nb6 15. Nfe5 Bxg2 16. Kxg2 Nxc4 17. Rxc4 Bxe5 18. Qxb7 Qc8 $2 {[#]} (18... Na5 $11 {and Black stays safe.} 19. Bxa5 Qxa5 20. fxe5 Rab8) 19. Qxc6 $18 Bg7 20. Qxc8 Rexc8 21. Rfc1 Rcb8 22. b3 {[%cal Bb2b3,Bb3b4][%mdl 32]} e5 23. Rc7 a5 24. Rd7 a4 25. b4 exf4 26. gxf4 Rb5 27. Rc5 Rb6 28. Rcc7 Rf8 29. a3 Bf6 30. Kf3 Rb5 31. Rc5 Rb6 32. Be1 Re6 33. Bf2 Rfe8 34. Rc2 ({Less strong is} 34. Bxd4 Bxd4 35. Rxd4 Re3+ 36. Kg4 Rxe2 $11) 34... g5 35. fxg5 ({Don't do} 35. Bxd4 Bxd4 36. Rxd4 gxf4) 35... Bxg5 36. Bxd4 Rh6 $2 {[#]} (36... Be3 {is a better defense.} 37. Bb2 Bb6) 37. e4 {Accuracy: White = 75%, Black = 31%.} 1-0

[Event "33rd Cannes Open 2019"]
[Site "Cannes"]
[Date "2019.02.21"]
[Round "6.6"]
[White "Daeschler, Florian"]
[Black "Barseghyan, Harutyun"]
[Result "0-1"]
[WhiteElo "2276"]
[BlackElo "2457"]
[Annotator "TA"]
[PlyCount "68"]
[EventDate "2019.02.18"]
[EventType "swiss"]
[EventCountry "FRA"]
[SourceTitle "playchess.com"]
[Source "ChessBase"]
[SourceQuality "1"]

{[%evp 15,68,-6,0,-17,-21,-32,0,-33,-22,-70,-64,-86,-87,-95,-98,-85,-54,-201,-191,-220,-90,-255,-224,-224,-216,-197,-197,-224,-212,-296,-286,-351,-349,-341,-343,-349,-343,-442,-392,-411,-335,-379,-381,-419,-418,-630,-612,-619,-624,-618,-597,-579,-406,-595,-564]} 1. d4 d5 2. c4 e6 3. Nf3 Nf6 4. g3 dxc4 5. Bg2 a6 6. O-O Nc6 7. a4 Rb8 8. a5 Bb4 {LiveBook: 16 Games. E04: Open Catalan: 5 Nf3} 9. Bd2 (9. Qa4 O-O 10. Ne5 Qxd4 11. Bxc6 Bd6 12. Nxc4 bxc6 13. Rd1 Qc5 14. Nbd2 Rb4 15. Qc2 Ng4 16. Rf1 Bb7 17. Kg2 Qh5 18. h3 c5+ 19. Nf3 Ne5 20. Ncxe5 Qxe5 21. Ra4 Rxa4 {0-1 (21) Glavina,P (2460)-Gharamian,T (2658) France 2010}) 9... Bxd2 10. Qxd2 b5 {Black is slightly better.} 11. axb6 (11. b3 $5) 11... cxb6 {[%cal Bc7b6,Bb6b5][%mdl 32]} 12. Rc1 Na5 13. Qf4 $146 ({Predecessor:} 13. Rxa5 bxa5 14. Ne5 Bb7 15. Bc6+ Kf8 16. Na3 {0-1 (53) Flak,P (2204)-Strugnell,C (2238) Warsaw 2016}) 13... Bb7 $36 {[%mdl 2048] Threatens to win with ...Nb3. Black is really pushing.} 14. Nbd2 O-O 15. e4 b5 16. g4 (16. Qe3 $15) 16... Nc6 $1 $19 17. g5 Nd7 (17... Nh5 $19 18. Qe3 f5) 18. Rc3 $2 {[#]} (18. b3 $17 {is a better defense.}) 18... e5 $1 {[%mdl 512]} 19. dxe5 {[#]} Ndxe5 $1 {[%mdl 512]} 20. Nxe5 Nxe5 21. Qxe5 {Strongly threatening Nf1.} Qxd2 22. Rh3 Rfe8 23. Qf5 g6 ({Weaker is} 23... Qxb2 24. Qxh7+ Kf8 25. Re1 $15) 24. Qf6 {intending Rxh7.} Re6 ({Not} 24... Bxe4 25. Rxh7 $3 {[%mdl 512]} Kxh7 26. Qxf7+ Kh8 27. Qf6+ Kh7 28. Qf7+ Kh8 29. Qf6+ Kh7 30. Qf7+ $11) 25. Qc3 Qxg5 26. Re1 Rd8 27. Rhe3 Qe5 28. Qa5 Red6 29. Qc7 Bc8 30. Rf3 (30. R3e2 $142) 30... Be6 31. Bh3 R8d7 32. Qb8+ {[#]} Kg7 $1 33. Bxe6 Rxe6 34. Qc8 (34. Qxe5+ $142 Rxe5 35. Rfe3) 34... Red6 {Precision: White = 19%, Black = 73%.} 0-1

[Event "33rd Cannes Open 2019"]
[Site "Cannes"]
[Date "2019.02.21"]
[Round "6.7"]
[White "Flear, Glenn C"]
[Black "Paszewski, Mateusz"]
[Result "1-0"]
[WhiteElo "2451"]
[BlackElo "2347"]
[Annotator "TA"]
[PlyCount "81"]
[EventDate "2019.02.18"]
[EventType "swiss"]
[EventCountry "FRA"]
[SourceTitle "playchess.com"]
[Source "ChessBase"]
[SourceQuality "1"]

{[%evp 21,81,7,56,60,62,55,65,44,97,93,106,97,110,121,138,138,136,138,141,107,104,106,109,103,102,106,104,106,98,98,137,101,145,110,127,125,143,129,130,130,130,130,461,451,678,664,754,754,761,737,745,692,29971,29972,29972,29973,29980,29981,29982,29981,29974,29967]} 1. d4 d5 2. c4 c6 3. Nc3 Nf6 4. e3 e6 5. Nf3 Nbd7 6. Bd3 dxc4 7. Bxc4 b5 8. Be2 Bb7 9. O-O b4 10. Na4 Be7 11. a3 bxa3 12. b3 {D47: Semi-Slav: Meran System} O-O 13. Bxa3 {[#]} Nd5 $146 ({Predecessor:} 13... Bxa3 14. Rxa3 Qe7 15. Qc1 Ne4 16. Bd3 c5 17. Bxe4 Bxe4 18. Nxc5 Nxc5 19. Qxc5 Qb7 {0-1 (62) Roussel Roozmon,T (2463)-Lesiege,A (2521) Montreal 2016}) 14. Qd2 {White is slightly better.} a5 (14... Bxa3 $14 15. Rxa3 Qe7) 15. Bxe7 $16 Qxe7 16. Rfc1 Nb4 17. Nc5 Rfb8 18. Nxd7 Qxd7 19. Rc5 Qd8 20. Ne5 Ba6 21. Bxa6 Rxa6 22. g3 h6 23. Qe2 Qc7 24. Ra4 {[#] Rxb4! is the strong threat.} Qa7 25. h4 Rbb6 26. Qc4 Rb7 27. Kg2 Rbb6 28. Kh2 Rb7 29. Nxc6 Nxc6 30. Rxc6 Rxc6 31. Qxc6 g6 $2 {[%mdl 8192] [#]} (31... Rb6 $16 {is tougher.} 32. Qc5 Qb8) 32. Rxa5 $1 $18 {[%mdl 512]} Qxa5 (32... Qb8 $142 33. h5 Rc7) 33. Qxb7 {[%mdl 4096] Endgame KQ-KQ} Qd2 34. Kg2 g5 35. hxg5 hxg5 36. b4 {[%cal Bb3b4,Bb4b5][%mdl 32]} f5 37. b5 {White mates.} f4 38. gxf4 gxf4 39. Qb8+ Kg7 40. Qe5+ Kh7 41. Qxf4 {Accuracy: White = 83%, Black = 35%.} 1-0

[Event "33rd Cannes Open 2019"]
[Site "Cannes"]
[Date "2019.02.21"]
[Round "6.8"]
[White "Paltrinieri, Nicholas"]
[Black "Rubio Mejia, Luis Ignacio"]
[Result "0-1"]
[WhiteElo "2295"]
[BlackElo "2437"]
[Annotator "TA"]
[PlyCount "94"]
[EventDate "2019.02.18"]
[EventType "swiss"]
[EventCountry "FRA"]
[SourceTitle "playchess.com"]
[Source "ChessBase"]
[SourceQuality "1"]

{[%evp 17,94,-16,-16,-13,0,-4,0,0,7,0,2,-15,-14,-2,-10,-39,-39,-31,0,0,0,-12,-4,0,0,0,0,-21,17,0,5,2,0,0,0,0,0,0,0,0,-12,-26,-8,-77,-72,-156,-157,-166,-145,-165,-141,-556,-554,-566,-417,-436,-436,-414,-405,-397,-359,-349,-341,-588,-597,-702,-705,-635,-633,-634,-633,-574,-534,-641,-641,-641,-551,-655,-654]} 1. d4 Nf6 2. Bg5 e6 3. e4 h6 4. Bxf6 Qxf6 5. c3 d5 (5... d6 6. Bc4 Qg6 7. Qf3 Nc6 8. Ne2 Be7 9. Nd2 e5 10. d5 Nb8 11. Ng3 Qg4 12. Qd3 g6 13. h3 Qf4 {½-½ (45) Duda,J (2738)-Miton,K (2588) St Petersburg 2018}) 6. e5 {A45: Trompowsky Attack} Qd8 7. Nf3 c5 8. dxc5 Bxc5 9. Bd3 Nc6 {LiveBook: 9 Games} 10. Qe2 Bd7 11. O-O a6 12. Nbd2 Rc8 $146 ({Predecessor:} 12... O-O 13. Nb3 Bb6 14. Nbd4 Rc8 15. Nxc6 Bxc6 {1-0 (60) Managadze,N (2428)-Asik,J (2314) Nikea 2002}) 13. Rac1 O-O 14. a3 Ba7 15. c4 Ne7 16. Rfd1 Ba4 17. b3 Bc6 18. c5 a5 19. Bb1 Bd7 20. b4 axb4 21. axb4 b6 {[%cal Rb6c5]} 22. Qa6 (22. Qd3 $5 {[%cal Rd3h7]} g6 23. Qa3 $11) 22... Ra8 23. Qd3 {[%csl Gb1][%cal Rd3h7]} g6 24. h4 bxc5 25. bxc5 h5 26. Qe3 {Threatens to win with Qh6.} Kg7 27. Qf4 Rc8 28. Nb3 Nc6 29. Rc3 Qe7 30. Qg3 (30. Bd3 $11) 30... Rb8 $17 {[%cal Bc8b8,Bb8b4,Bb4g4][%mdl 32]} 31. Ng5 (31. Qf4 $142) 31... Rb4 32. f4 Rfb8 33. Kh2 Be8 34. f5 $2 {[%mdl 8192]} (34. Rdc1 $17) 34... exf5 $19 35. Rxd5 {and the idea Bxf5 leaves White hopeful.} Rg4 36. Qe1 Rbb4 37. Nf3 Bb8 38. Kg1 Qb7 39. Bc2 Bd7 40. Rdd3 $2 {[#]} (40. Rd2) 40... Nxe5 $1 {[%mdl 512] Black is clearly winning.} 41. Rxd7 (41. Nxe5 Qxg2#) 41... Nxf3+ ({Not} 41... Qxd7 42. Nxe5 Qe7 43. Re3 $17) 42. Rxf3 Qxf3 {[%csl Gg4][%cal Rf3g2]} 43. Qa1+ {[#]} Rbd4 $1 {[%mdl 512]} 44. Qxd4+ Rxd4 45. gxf3 Rxd7 46. Kf2 Ba7 47. Ke3 Rd5 {Precision: White = 43%, Black = 83%.} 0-1

[Event "33rd Cannes Open 2019"]
[Site "Cannes"]
[Date "2019.02.22"]
[Round "7.1"]
[White "Barseghyan, Harutyun"]
[Black "Gupta, Abhijeet"]
[Result "0-1"]
[WhiteElo "2457"]
[BlackElo "2587"]
[Annotator "TA"]
[PlyCount "102"]
[EventDate "2019.02.18"]
[EventType "swiss"]
[EventCountry "FRA"]
[SourceTitle "playchess.com"]
[Source "ChessBase"]
[SourceQuality "1"]

{[%evp 12,102,12,12,38,-73,-65,-67,-63,-70,-76,-66,-72,-85,-37,-94,-97,-100,-92,-93,-47,-56,-54,-52,-60,-47,-45,-51,-54,-43,-50,-142,-122,-131,-94,-82,-88,-97,-83,-99,-88,-87,-83,-82,-72,-87,-89,-84,-77,-119,-87,-90,-91,-156,-159,-369,-422,-847,-813,-973,-932,-1000,-986,-906,-895,-1081,-1061,-2597,-2741,-2622,-2526,-2427,-2427,-29975,-29980,-29980,-29981,-29981,-29982,-29983,-29984,-29984,-29985,-29985,-29983,-29983,-29984,-29989,-29990,-29990,-29991,-29991,-29992]} 1. d4 Nf6 2. c4 g6 3. Nc3 d5 4. Bf4 Bg7 5. e3 O-O 6. Rc1 c5 7. dxc5 {[%cal Rc4d5]} Ne4 {D83: Grünfeld: 4 Bf4 Bg7 5 e3 0-0} 8. Nxe4 $146 (8. Qxd5 Nxc3 9. Qxd8 (9. bxc3 Qa5 $17) 9... Rxd8 $15) (8. cxd5 $14 {stays ahead.} Qa5 9. Nge2) ({Predecessor:} 8. cxd5 Nxc3 9. bxc3 Qa5 10. Qd2 Nd7 11. Nf3 Nxc5 12. Be5 Bxe5 13. Nxe5 Rd8 14. Bc4 e6 15. O-O exd5 {½-½ (36) Lenic,L (2662)-Zherebukh,Y (2633) chess.com INT 2018}) 8... dxe4 $17 9. Qxd8 Rxd8 {Black is slightly better.} 10. Bc7 Rd7 11. Bxb8 Rxb8 12. b3 a5 {[%mdl 1024] Black has strong compensation.} 13. a4 (13. Ne2 $15) 13... Bb2 14. Rc2 Ba3 {aiming for ...Bb4+.} 15. Ne2 Rd3 {And now ...Bb4+ would win.} 16. Nc3 Rxc3 17. Rxc3 Bb4 18. Kd2 Bg4 19. Kc2 $1 Rd8 {Threatens to win with ...Bd1+.} 20. f3 exf3 21. e4 ({White should play} 21. Rd3 $15 Bf5 22. gxf3 Bxd3+ 23. Bxd3) 21... Bxc3 22. Kxc3 {[%mdl 4096] Endgame KRB-KRB} e5 23. h3 fxg2 $1 24. Bxg2 {[#]} Be6 $1 25. Rb1 Rd4 26. Bf1 {[#]} Bd7 $1 27. b4 axb4+ ({Don't blunder} 27... Rxe4 $2 28. bxa5 Re3+ 29. Kd2 $18) ({Stronger than} 27... Bxa4 28. b5 $16) 28. Rxb4 Bc6 ({Weaker is} 28... Rxe4 29. Rxb7 Bxa4 30. Bg2 $16) 29. Bd3 Rd8 30. Rb6 Ra8 31. Bc2 h5 32. h4 (32. Rb1 $142) 32... Kg7 33. Kb4 $2 {[#]} (33. Rb1 $17) 33... g5 $1 $19 {[%mdl 512]} 34. hxg5 (34. Kc3 $142 gxh4 35. Rb1) 34... h4 35. Kc3 h3 36. Rb1 h2 37. Rh1 Rh8 38. Kd2 Kg6 39. Ke2 Kxg5 40. Kf3 f5 41. Kg3 fxe4 {( -> ...e3)} 42. Rxh2 Rxh2 {Black mates.} 43. Kxh2 {KB-KB} Kf4 44. a5 Ke3 45. Kg3 Kd2 46. Bxe4 Bxe4 {KB-K3P} 47. Kg4 Bc6 48. Kf5 e4 49. Ke5 e3 50. Kd6 e2 51. a6 e1=Q {Accuracy: White = 44%, Black = 75%.} 0-1

[Event "33rd Cannes Open 2019"]
[Site "Cannes"]
[Date "2019.02.22"]
[Round "7.2"]
[White "Maiorov, Nikita"]
[Black "Flear, Glenn C"]
[Result "1/2-1/2"]
[WhiteElo "2523"]
[BlackElo "2451"]
[Annotator "TA"]
[PlyCount "69"]
[EventDate "2019.02.18"]
[EventType "swiss"]
[EventCountry "FRA"]
[SourceTitle "playchess.com"]
[Source "ChessBase"]
[SourceQuality "1"]

{[%evp 20,69,11,20,12,0,11,0,7,0,0,0,11,10,9,13,13,11,12,8,43,23,43,29,52,42,38,13,13,0,0,0,0,0,0,0,0,0,0,-12,-2,-10,0,0,0,0,0,0,0,0,0,0]} 1. d4 d5 2. c4 c6 3. Nc3 Nf6 4. e3 e6 5. Nf3 Nbd7 6. Qc2 Bd6 7. Be2 O-O 8. O-O dxc4 9. Bxc4 b5 10. Be2 Bb7 11. a3 a5 {D46: Semi-Slav: 5 e3 Nbd7 6 Bd3, Black avoids the Meran} (11... a6 12. e4 e5 13. dxe5 Nxe5 14. Nd4 g6 15. Bg5 c5 16. Nf3 Nxf3+ 17. Bxf3 Be5 18. Rfd1 Qc7 19. h4 {1-0 (59) Cori Tello,J (2659)-Mareco,S (2643) Montevideo 2018}) 12. Rd1 Qc7 13. e4 e5 {Threatens to win with ...exd4.} 14. dxe5 Nxe5 15. Nd4 Bc5 16. Bf4 Bxd4 17. Rxd4 Nf3+ $1 18. Bxf3 Qxf4 19. Ne2 Qg5 $146 ({Predecessor:} 19... Qe5) 20. Rc1 Rfd8 21. Qd1 Rdc8 22. b4 axb4 23. axb4 (23. h4 $5 {[%cal Rh4g5]} Qe5 24. axb4 $11) 23... c5 {The position is equal.} 24. bxc5 Rxc5 25. Rd8+ Ne8 26. Rxa8 Bxa8 27. Rxc5 Qxc5 28. Qd8 Bc6 29. h3 {[#] Black must now prevent e5!} Kf8 30. Nd4 Bxe4 31. Bxe4 {Strongly threatening g4.} Qc1+ 32. Kh2 {And now Kg3 would win.} Qf4+ {[%mdl 64] [#] Double Attack} 33. g3 Qxe4 34. Qb6 g6 35. Nxb5 {Accuracy: White = 53%, Black = 56%.} 1/2-1/2

[Event "33rd Cannes Open 2019"]
[Site "Cannes"]
[Date "2019.02.22"]
[Round "7.3"]
[White "Nasuta, Grzegorz"]
[Black "Lodici, Lorenzo"]
[Result "1-0"]
[WhiteElo "2504"]
[BlackElo "2482"]
[Annotator "TA"]
[PlyCount "51"]
[EventDate "2019.02.18"]
[EventType "swiss"]
[EventCountry "FRA"]
[SourceTitle "playchess.com"]
[Source "ChessBase"]
[SourceQuality "1"]

{[%evp 22,51,0,1,0,0,0,2,46,37,31,15,39,28,47,40,106,101,138,127,145,138,406,407,629,620,621,543,558,550,527,524]} 1. e4 e5 2. Nf3 Nc6 3. Bc4 Bc5 4. c3 Nf6 5. d4 exd4 6. e5 d5 7. Bb5 Ne4 8. cxd4 Bb6 9. Nc3 O-O 10. Be3 {C54: Giuoco Piano: 4 c3 Nf6, main lines with 5 d4 and 5 d3} Bg4 11. h3 Bh5 12. Qc2 {LiveBook: 62 Games. The position is equal.} Bxf3 (12... Nxc3 13. bxc3 f6 14. exf6 Qxf6 15. Be2 Rae8 16. O-O Kh8 17. a4 Bg6 {1-0 (41) Jones,G (2682)-Jakovenko,D (2735) St Petersburg 2018}) 13. gxf3 Ng5 14. Bxc6 bxc6 15. Qf5 $1 Ne6 16. O-O-O $1 Qe7 $146 ({Predecessor:} 16... Qh4 17. f4 g6 {1-0 (53) Du,Y (2011)-Mocanu,V (1800) Porto Carras 2018}) 17. f4 Rad8 18. Qc2 f5 (18... Nxd4 $14 19. Bxd4 c5) 19. h4 {[%cal Bh3h4,Bh4h5][%mdl 32]} Kh8 20. h5 Qf7 21. Ne2 c5 $2 {[%mdl 8192] [#]} (21... Qd7 $16 22. Kb1 Rb8) 22. dxc5 $18 d4 (22... c6 $142 23. cxb6 c5) 23. Bxd4 {White is clearly winning.} ({Not} 23. cxb6 dxe3 24. Rxd8 (24. bxa7 exf2 25. h6 Rxd1+ 26. Rxd1 c6 $18) (24. fxe3 axb6 25. Ng3 Ra8 $16) 24... Rxd8 $18) 23... Nxd4 24. Rxd4 Ba5 25. Qc4 {[#] Strongly threatening Qxf7.} Rxd4 26. Qxf7 {Precision: White = 97%, Black = 17%.} 1-0